Crayola Color Images Quiz Stats

 Plays Quiz Updated May 17, 2017

Support Sporcle.
Go Orange.
Score 0/20 Timer 05:00
0 Plays Today
% Correct
orange
99.4%
gold
93.7%
beaver
88%
asparagus
86.1%
denim
80.6%
blush
79.7%
canary
75.8%
tumbleweed
75.6%
fern
73.1%
dandelion
71.6%
% Correct
purple heart
71.5%
manatee
69.7%
shamrock
61.9%
plum
59.8%
lavender
52.3%
orchid
47.6%
apricot
41%
violet
40.2%
mahogany
38.1%
timberwolf
18.6%

You're not logged in!

Compare scores with friends on all Sporcle quizzes.
OR
Log In
Forgot?

From the Vault

Olympics Race - With Olympic Fanfare

by needapausebutton

Close your eyes and you'll feel like you're actually competing in the Olympics. Open them if you want to have a shot at completing this quiz.
Remove Ads.
Support Sporcle.
Get the best of Sporcle when you Go Orange. This ad-free experience offers more features, more stats, and more fun while also helping to support Sporcle. Thank you for becoming a member.

Show Comments

Extras

Top Quizzes Today


Score Distribution

Your Account Isn't Verified!

In order to create a playlist on Sporcle, you need to verify the email address you used during registration. Go to your Sporcle Settings to finish the process.

Report this User

Report this user for behavior that violates our Community Guidelines.

Details: